000 00305nam a2200109Ia 4500
008 190216s9999||||xx |||||||||||||| ||und||
100 _aRobert Thornton Morrison&Amp;Robrt 
 Neilson Body
245 0 _aOrganic Chemistry
260 _bAllyn And Bacon International
_c1983
300 _a1321p
942 _cBK
999 _c3338
_d3338